000 00301nam a22001337a 4500
008 170612b xxu||||| |||| 00| 0 eng d
020 _a9780131578173
041 _aeng
080 _27TH
_a328
100 _a19
101 _aSHP
245 _aGOVERNMENT BY THE PEOPLE
_cMAGLEBY,D.B
942 _2udc
_cBK
999 _c16992
_d16992